000
00278nam a22001217a 4500
008
251006b |||||||| |||| 00| 0 eng d
040
_a
17
100
_a
Kumar.N
245
_a
Play and learn Wrestling
260
_a
New Delhi
_b
Khel sahitya kendra
300
_a
111
942
_c
01
999
_c
66434
_d
66434